| 000 | 00394nam a2200157Ia 4500 | ||
|---|---|---|---|
| 008 | 230917s9999||||xx |||||||||||||| ||und|| | ||
| 040 |
_e118159 _aMAIN |
||
| 041 | _aEnglish | ||
| 082 | _a595.7 B647I | ||
| 100 | _aBorror,Donald J. | ||
| 245 | 0 | _aIntroducation to the study of inspects | |
| 250 | _a5th ed. | ||
| 260 |
_aNew York _bSaunders College _c1981 |
||
| 300 | _a827p. p. | ||
| 942 | _cBK | ||
| 999 |
_c42582 _d42582 |
||